000
00301nam a22001457a 4500
008
230419b ||||| |||| 00| 0 eng d
020
_a
978083843987
041
_a
eng
080
_a
7
082
_a
7SHO
100
_a
19
101
_a
ART
245
_a
WRITE IDEAS
_c
SHOEMAKER.C
942
_2
udc
_c
BK
999
_c
59609
_d
59609